Statistics for General Knowledge Quiz #170

Click here to take the quiz!

General Stats

  • This quiz has been taken 46,896 times
  • The average score is 12 of 20

Answer Stats

QuestionAnswer% Correct
At what event would you be most likely to hear a eulogy?Funeral
90%
What is the most-commonly spoken language in Geneva?French
85%
Americans call them "pants". What do British people call them?Trousers
85%
What part of Adam's body did God use to make Eve?Rib
81%
What company was founded by Jeff Bezos, the world's second richest person?Amazon
80%
What is a computer programming language, an island in Indonesia,
and a nickname for coffee?
Java
79%
In what subject are students often asked to use a compass and a protractor?Geometry
73%
British people call them "pants". What do American people call them?Underwear
63%
What is the main ingredient in falafel?Chick Peas
60%
What movie featured Mickey Mouse as the sorcerer's apprentice?Fantasia
58%
In what country would you find the cities of Fallujah and Tikrit?Iraq
57%
What movie is titled in Italian as "Il buono, il brutto, il cattivo"?The Good, the Bad
and the Ugly
55%
What Latin word meaning "king" is also a common name for pet dogs?Rex
54%
What group of people were the main victims of pogroms?Jews
45%
What country's current currency is called the Lira?Turkey
45%
What country had 400,000 deaths due to famine in the mid 1980s?Ethiopia
40%
What book featured the characters Fantine, Cosette, and Inspector Javert?Les Misérables
39%
In the song "Joy to the World", what type of animal was Jeremiah?Bullfrog
36%
What national capital starts with the letter I?Islamabad
29%
What sport was revolutionized by Takeru "The Tsunami" Kobayashi?Competitive {Eating}
22%

Score Distribution

Percentile by Number Answered

Percent of People with Each Score

Your Score History

You have not taken this quiz